logo

Bir Sreshtho Munshi Abdur Rouf Library
Jhenaidah Cadet College

ঝগড়াপুর : (Record no. 9862)

MARC details
000 -LEADER
fixed length control field 00723nam a22002177a 4500
001 - CONTROL NUMBER
JCCL Control Number 9862
003 - CONTROL NUMBER IDENTIFIER
JCCL marc code BD-JhCC
005 - DATE AND TIME OF LATEST TRANSACTION
control field 20200213134007.0
008 - FIXED-LENGTH DATA ELEMENTS--GENERAL INFORMATION
fixed length control field 180402b1980 bg ||||| |||| 00| 0 ben d
035 ## - SYSTEM CONTROL NUMBER
system control number (BD-JhCC)9862
040 ## - CATALOGING SOURCE
Original cataloging agency BD-JhCC
Modifying agency BD-JhCC
041 ## - LANGUAGE CODE
Language code of Book ben
082 ## - DEWEY DECIMAL CLASSIFICATION NUMBER
Classification number 301
Author mark and Year ARN 1980
100 ## - MAIN ENTRY--PERSONAL NAME
Personal name আরেন্স, ইয়েনেকা
245 ## - TITLE STATEMENT
Title ঝগড়াপুর :
Remainder of title গ্রামবাংলার গৃহস্থ ও নারী /
Statement of responsibility, etc ইয়েনেকা আরেন্স
260 ## - PUBLICATION, DISTRIBUTION, ETC. (IMPRINT)
Place of publication, distribution, etc ঢাকা :
Name of publisher, distributor, etc পপুলার প্রিন্টিং এজেন্সী
Date of publication, distribution, etc 1980.
300 ## - PHYSICAL DESCRIPTION
Pagination 281. p.:
Dimensions 21 cm.
650 ## - SUBJECT ADDED ENTRY--TOPICAL TERM
Topical term or geographic name as entry element Society
942 ## - ADDED ENTRY ELEMENTS (KOHA)
Source of classification or shelving scheme Dewey Decimal Classification
Koha item type Books
Koha issues (borrowed), all copies 2
Holdings
Source of classification or shelving scheme Damaged status Not for loan Home library Current library Shelving location Date of accession Cost, normal purchase price Total Checkouts Full call number Barcode Date last seen Date checked out Copy number Koha item type
Dewey Decimal Classification     JCC Rouf Library JCC Rouf Library General Stacks 04/02/18 12.00 1 301 ARN 1980 11313 02/12/2020 02/12/2020 C-1 Books

JCC Library | Contacts | JCC Home

Last Update on 23 September 2017
Copyright @ 2017-2020 JCC Rouf Library
Rouf Library, Jhenidah Cadet College (JCC), Bangladesh